000 00439nam a22001577a 4500
999 _c8761
_d8761
003 OSt
008 200710b ||||| |||| 00| 0 eng d
020 _a9789351645276
100 _aBhise, S B
245 _aGuidelines For National Drug Policy
250 _a2019
260 _aNew Delhi
_bNirali, Prakashan
300 _aA.3
650 _aPharmaceutics- Drug Delivery Systems,Pharmaceutical Engineering regulraty Science
942 _2ddc
_cBK